Cuestiones de revocación de actos y contratos administrativos por razones de interés público / (Registro nro. 6138)
[ vista simple ]
| 000 -LEADER | |
|---|---|
| fixed length control field | 01255nabaa22002057a 4500 |
| 003 - CONTROL NUMBER IDENTIFIER | |
| control field | OSt |
| 005 - DATE AND TIME OF LATEST TRANSACTION | |
| control field | 20260122230530.0 |
| 008 - FIXED-LENGTH DATA ELEMENTS--GENERAL INFORMATION | |
| fixed length control field | 190701b xxu||||| |||| 00| 0 spa d |
| 040 ## - CATALOGING SOURCE | |
| Transcribing agency | PJ |
| 100 ## - MAIN ENTRY--PERSONAL NAME | |
| 9 (RLIN) | 6896 |
| Personal name | Bonato, Mauro R. |
| 245 10 - TITLE STATEMENT | |
| Title | Cuestiones de revocación de actos y contratos administrativos por razones de interés público / |
| Statement of responsibility, etc | Mauro R. Bonato. |
| 300 ## - PHYSICAL DESCRIPTION | |
| Extent | p. 68-101 |
| 505 ## - FORMATTED CONTENTS NOTE | |
| Formatted contents note | Sumario: I. Introducción.— II. Concepto.— III. Fundamento.— IV. La figura en derecho comparado y en el derecho positivo nacional.— V. El debate sobre la necesidad de ley formal.— VI. Supuestos de procedencia.— VII. Órgano competente para revocar.— VIII. Ámbito de aplicación.— IX. Oportunidad temporal para la revocación.— X. Procedimiento.— XI. Efectos.— XII. Control judicial.— XIII. La indemnización.— XIV. A modo de colofón. |
| 505 ## - FORMATTED CONTENTS NOTE | |
| Title | ¿Te interesa el texto completo? Comunicate al correo: koha@justierradelfuego.gov.ar |
| 650 #0 - SUBJECT ADDED ENTRY--TOPICAL TERM | |
| 9 (RLIN) | 211 |
| Topical term or geographic name as entry element | DERECHO ADMINISTRATIVO |
| 650 #0 - SUBJECT ADDED ENTRY--TOPICAL TERM | |
| 9 (RLIN) | 1171 |
| Topical term or geographic name as entry element | ACTO ADMINISTRATIVO |
| 650 #0 - SUBJECT ADDED ENTRY--TOPICAL TERM | |
| 9 (RLIN) | 6897 |
| Topical term or geographic name as entry element | REVOCACIÓN DEL ACTO ADMINISTRATIVO |
| 773 0# - HOST ITEM ENTRY | |
| Host Biblionumber | 2842 |
| Host Itemnumber | 3251 |
| Place, publisher, and date of publication | Buenos Aires : AbeledoPerrot, 2012- |
| Other item identifier | DA121 |
| Title | Derecho administrativo. Nº 149 septiembre/octubre 2023 |
| International Standard Book Number | 18510590 |
| 942 ## - ADDED ENTRY ELEMENTS (KOHA) | |
| Source of classification or shelving scheme | |
| Koha item type | Analítica Artículo de Revista |
No hay ítems disponibles.
